000 00719nam a2200241 a 4500
001 52723
003 BD-RjUL
005 20211209075841.0
008 160926s1971 caua bs 001 0 eng
020 _a0534000312
035 _a(BD-RjUL) 52843
040 _aDLC
_cDLC
_dBD-RjUL
_beng
041 _aeng
082 0 0 _a330.015195
_223
_bROA 1971
100 1 _aRao, Potluri.
_9157680
245 1 0 _aApplied econometrics /
_cPotluri Rao, Roger LeRoy Miller.
260 _aCalifornia :
_bWadsworth Pub. Co.,
_c1971
300 _ax, 235 p. :
_bill.
_c25 cm.
504 _aIncludes bibliographical references.
650 0 _aEconometrics.
_9157681
700 1 _aMiller, Roger LeRoy,
_ejoint author.
_9157682
942 _2ddc
_cBK
999 _c52723
_d52723